MDQL
is popping MORE tags! Check the
thread
!
Quizzes
Events
Quiz Creation
Community
Videos
Private Events
Remove Ads
Sign In
Join for FREE
Feedback
Dark Mode
Quiz Categories
Sports
Geography
Music
Movies
Television
Just For Fun
Miscellaneous
History
Literature
Language
Science
Gaming
Entertainment
Religion
Holiday
For Kids
Quiz Lab
Recent
Popular Today
Quiz Kudos Today
Editor Picks
Curator Picks
Quizzes by...
Day
Popularity
Type
Ratings
Length
Year
Community
Subscriptions
Recent Discussions
Orange Saloon
Badges
Playlists
Quests
Create
Leaderboards
Showdown
Live 5
Trivia Bingo
Activity
Puzzle Library
Sporcle Events
Private Events
Virtual Trivia
Globe League
Become a Host
Pub Owners
SporcleCon
Opinionation
Our Games
Videos
Blog
Mobile Apps
Partnerships
Remove Ads and Go Orange
Feedback
Sports
Athletes
MLB
NBA
NHL
NFL
Soccer
Sports Teams
WWE
NCAA
Football
Premier League
Basketball
Baseball
Hockey
Golf
Tennis
Cricket
Rugby
Auto Racing
Olympics
World Cup
Sports
Athletes
MLB
NBA
NHL
NFL
Soccer
Sports Teams
WWE
NCAA
Football
Premier League
Basketball
Baseball
Hockey
Golf
Tennis
Cricket
Rugby
Auto Racing
Olympics
World Cup
Random Quiz
Search Sporcle
×
Quiz Lab
Quiz Lab
Sports
Sports Teams
Type in answers that appear in a list
Type in answers that appear in a list
Classic
Best Score? Go Orange.
Top 5 RBI Players on MLB RBI Leading Teams since 2000 Stats
Can you name the Top 5 RBI leaders for each team that led the MLB in Total RBIs since 2000?
By
dsebo
10m
85 Questions
723 Plays
723 Plays
723 Plays
Comments
Comments
Give Quiz Kudos
Give Quiz Kudos
-
- Ratings
hide this ad
More Info
Replay
Link that replays current quiz
Next Quiz
Link to next quiz in quiz playlist
You Got
0%
They Got
Avg Score
77%
Avg Friend Score
Upgrade to see
Score Distribution
Jump to the score distribution portion of the page
Score
0/85
Timer
10:00
0
Plays Today
% Correct
COMING SOON
100%
COMING SOON
100%
COMING SOON
100%
COMING SOON
100%
COMING SOON
100%
David Ortiz
98.9%
David Ortiz
98.9%
David Ortiz
98.9%
David Ortiz
98.9%
David Ortiz
98.9%
Alex Rodriguez
98.6%
Alex Rodriguez
98.6%
Alex Rodriguez
98.6%
Alex Rodriguez
98.6%
Curtis Granderson and Derek Jeter
97.6%
Edgar Martinez
97.4%
Victor Martinez
97.4%
J.D. Martinez
97.4%
Manny Ramirez
97.1%
Manny Ramirez
97.1%
Manny Ramirez
97.1%
Derek Jeter
97.1%
Josh Hamilton
96%
Josh Hamilton
96%
Jose Bautista
95.9%
Frank Thomas
94.9%
Miguel Cabrera
94.6%
Josh Donaldson
93.4%
Edwin Encarnacion
92.3%
% Correct
Mark Teixeira
92%
Mark Teixeira
92%
Russell Martin
90.5%
Jorge Posada
88.5%
Jorge Posada
88.5%
Jorge Posada
88.5%
Dustin Pedroia
87.4%
Dustin Pedroia
87.4%
Adrian Beltre
87.3%
Jason Giambi
86.9%
Jason Giambi
86.9%
Robinson Cano
86.6%
Robinson Cano
86.6%
Robinson Cano
86.6%
Bret Boone
85.2%
Paul Konerko
84.9%
Johnny Damon and Nick Swisher
83.7%
Bernie Williams
83.3%
Johnny Damon
80.8%
Johnny Damon
80.8%
Johnny Damon
80.8%
Michael Young
80.4%
Michael Young
80.4%
Ian Kinsler
79.8%
Ian Kinsler
79.8%
Ian Kinsler
79.8%
Jacoby Ellsbury
79.7%
Jason Varitek
76.5%
Adrian Gonzalez
76.5%
% Correct
Hideki Matsui
74%
Hideki Matsui
74%
Ichiro Suzuki
72.8%
Alfonso Soriano
72.3%
Nomar Garciaparra
71.5%
Magglio Ordonez
68.7%
Kevin Youkilis
68.3%
Nick Swisher
64%
Nelson Cruz
62.9%
Kevin Millar
57.4%
Kevin Millar
57.4%
Trot Nixon
53.1%
Mike Napoli
53.1%
Mike Cameron
48.5%
John Olerud
47.7%
Stephen Drew
46.7%
Bobby Abreu
46.5%
Robin Ventura
42.6%
Carlos Lee
40.7%
Justin Smoak
28.6%
Milton Bradley
28.5%
Mark Bellhorn
27%
Jose Valentin
24.8%
Edgar Renteria
21.9%
Torii Hunter
20.2%
David Murphy
16.2%
Daniel Nava
11.8%
Quiz Playlist
Details
Report
Send in Message
Add To Playlist
More Info:
For each MLB leading team in RBIs since 2000, name the 5 players on that team with the most RBIs.
Classic:
Type in answers that appear in a list
Last Updated: Feb 16, 2017
Quiz Scoreboard
CHALLENGE
Sign Up to Join the Scoreboard
Show All
Scores
Hide
Comments
May contain spoilers
Recently Published
Colored Red Africa Blitz
by spor1
Geography
30s
Find the 'City' Movie
by crazypaving
Movies
60s
5x2 Blitz: Bands
by SL_Kpop136
Music
30s
More to Explore
Quiz From the Vault
Featured Blog Post
14 Easter Pick-up Lines to Find Eggs With
hide this ad
You Might Also Like...
Tags
Baseball Quiz
MLB Quiz
Sports Teams Quiz
2000s
Major League
rbi
RBI Leaders
RBI Players
Season Stat
stat
Stats Leaders
Top 5
Today's Top Quizzes in Sports
Browse Sports
hide this ad
Today's Top Quizzes in Sports Teams
Browse Sports Teams
Top Contributed Quizzes in Sports
1
Les entraîneurs de l'OM et du PSG au 21e siècle
2
Les meilleurs buteurs des matchs entre le PSG et l’OM
3
Les joueurs passés par le PSG et l'OM
4
Players with Multiple 50 Home Run Seasons
5
2022 World Cup Stars
6
Criteria MLB: Left Handed Sluggers
7
NBA Logic Puzzle 2.0
8
MLB Players with Two .350 Batting Average Seasons
9
Top 10 NHL Goal Scorers of All Time
10
Les joueurs passés par le LOSC et le RC Lens
Explore More
Trending Topics
Harry Potter
Anime
Crossword
NBA
Marvel
Kpop
Disney
Song
WWE
Pokémon
The Office
Puzzle
NFL
Soccer
Country
hide this ad
More By:
dsebo
Quiz
Plays
Rating
Category
Featured
Created
NBA: Match Player To College (Clickable)
11,392
2.79
Sports
Apr 2, 2012
NFL: Match Player To College (Clickable)
4,469
3.60
Sports
Apr 3, 2012
Top 3 HR Players on MLB HR Leading Teams since 2000
2,967
4.83
Sports
Sep 22, 2016
NBA 20pt Double-Double on Their Birthday (since 2000)
2,639
5.00
Sports
Mar 1, 2023
Who wears this NBA jersey?
1,115
2.71
Sports
Oct 6, 2009
Go to Creator's Profile
Score Distribution
Quiz Creator Spotlight
dsebo
Follow
Send a Message
Quizzes Created
-
Created Quiz Play Count
-
More By This Creator
Popular Quizzes Today
1
Colored Red Africa Blitz
2
Find the 'City' Movie
3
5x2 Blitz: Bands
4
Find the US States - No Outlines Minefield
5
The Countries of the World
6
Find the US States
7
US States
8
Find the Countries of Europe - No Outlines Minefield
More Sports Quizzes
Les Pascal en Ligue 1 au 21e siècle
Quiz Lab
Trending Quizzes
Colored Red Europe Blitz I
Colored Red Europe Blitz II
Colored Red Africa Blitz II
Colored Red Europe Blitz III
Colored Red Africa Blitz III
Recently Updated
How Do You Spell That?
pecheneg
Godzilla Movies
pecheneg
Grab Bag: 4-10 Letters
pecheneg
2024 March Madness Bracket
pecheneg
Famous TV Couples
Peacemaker
Champions League XIs: Real Madrid
pecheneg
Largest US Cities 1790-2010
pecheneg
Rides in Walt Disney World
pecheneg
Most Oscar Losses (Acting)
pecheneg
Beyoncé Albums
pecheneg
Trending Topics
Harry Potter
Anime
Kpop
Marvel
NBA
Disney
Crossword
Country
Pokémon
Soccer
WWE
The Office
NFL
Song
Puzzle
Your Account Isn't Verified!
In order to create a playlist on Sporcle, you need to verify the email address you used during registration. Go to your
Sporcle Settings
to finish the process.
Report this User
Report this user for behavior that violates our
Community Guidelines
.
Details:
Send Report
Go to the Sporcle.com Mobile Site →
Comments